000 00651nam a22002177a 4500
003 UA-OsUOA
001 88328
007 ta
008 20121003b un ||||| |||| 00| 0 ukr d
090 _a82.09
_bТ 43
942 _cBK
040 _aUA-OsUOA
_brus
_cUA-OsUOA
_dUA-OsUOA
245 _aТипология и взаимосвязи средневековіх литератур Востока и Запада
_cБалашов Н.И.
300 _a573 с.
955 _a1
041 _arus
080 _a82.09
260 _aМ.
_bНаука
_c1974
650 7 _a82 Література. Літературознавство
_2UDC
999 _c374425
_d374425